LEADER 01247cam0-22003731i-450- 001 990000199180403321 005 20060612144455.0 035 $a000019918 035 $aFED01000019918 035 $a(Aleph)000019918FED01 035 $a000019918 100 $a20020821d1855----km-y0itay50------ba 101 0 $afre 102 $aFR 105 $ay-------001yy 200 1 $aTraité de géométrie descriptive$esuivi de la méthode des plans cotés et de la théorie des engrenages cylindriques et coniques, avec une collection d'épures composée de 71 planches$fpar C.-F.-A. Leroy 205 $a4e édition, revue et annotée par M. E. Martelet 210 $aParis$cMallet-Bachelier$d1855 215 $a2 v.$cill.$d26 cm 327 1 $a1.: Texte$a2.: Planches 610 0 $aGeometria descrittiva 676 $a516.6 700 1$aLeroy,$bCharles François Antoine$f<1780-1854>$0343388 801 0$aIT$bUNINA$gRICA$2UNIMARC 901 $aBK 912 $a990000199180403321 952 $a13 AR 28 A 03$b99$fFINBC 952 $a301-D-7-(1$b0212$fMA1 952 $a301-D-7-(2$b0212$fMA1 952 $a13 AR 28 A 04$b100$fFINBC 959 $aFINBC 959 $aMA1 996 $aTraité de géométrie descriptive$9121988 997 $aUNINA LEADER 01210cam0-22004211i-450- 001 990003365370403321 005 20060516115826.0 010 $a88-7860-124-1 035 $a000336537 035 $aFED01000336537 035 $a(Aleph)000336537FED01 035 $a000336537 100 $a20030910d1999----km-y0itay50------ba 101 0 $aita 102 $aIT 105 $ay-------001yy 200 1 $a<>italiani nella società peruviana$euna visione storica$fGiovanni Bonfiglio 210 $aTorino$cFondazione Giovanni Agnelli$dc1999 215 $aIX, 340 p.$d21 cm 225 1 $aPopolazioni e culture italiane nel mondo 610 0 $aEmigrazione italiana$aPerù 610 0 $aRapporti internazionali Italia-Perù 676 $a325.2450985 676 $a325.85 676 $a15620 676 $aF/1.211 700 1$aBonfiglio,$bGiovanni$0124420 801 0$aIT$bUNINA$gRICA$2UNIMARC 901 $aBK 912 $a990003365370403321 952 $aBON325.2450985$b10836$fDECBC 952 $aXIV B 1745$b35317$fFSPBC 952 $a15620 BON$b18699$fSES 959 $aDECBC 959 $aFSPBC 959 $aSES 996 $aItaliani nella società peruviana$9443535 997 $aUNINA